[Event "DEN-ch sf5"]
[Site "Svendborg"]
[Date "2024.03.29"]
[Round "2"]
[White "Rabjerg, Tue"]
[Black "Christensen, Michael Bohn"]
[Result "1/2-1/2"]
[WhiteElo "1611"]
[BlackElo "1742"]
[PlyCount "87"]
[EventDate "2024.03.29"]
[EventType "swiss"]
[EventRounds "7"]
[EventCountry "DEN"]
[SourceTitle "CBM 219 Extra"]
[Source "ChessBase"]
[SourceDate "2024.05.31"]
[SourceVersion "1"]
[SourceVersionDate "2024.05.31"]
[SourceQuality "1"]

1. e4 c5 2. Nc3 Nc6 3. f4 d6 4. Nf3 a6 5. a4 Bd7 6. Bc4 e6 7. 0-0 Be7 8. Qe1 Nb4 9. Qg3 Nxc2 10. Rb1 Bf8 11. Bd3 Nb4 12. Bc4 Bc6 13. b3 Qf6 14. Bb2 Qg6 15. Qe1 Be7 16. f5 Qh6 17. fxe6 fxe6 18. Qf2 0-0-0 19. d4 Bxe4 20. Nxe4 d5 21. Ne5 Rf8 22. Qe2 dxc4 23. Rxf8+ Bxf8 24. Nf7 Qh4 25. Nxh8 cxb3 26. Nf7 Nf6 27. Ned6+ Kd7 28. dxc5 Qh5 29. Ne5+ Kc7 30. Qxh5 Nxh5 31. Rf1 Nf6 32. Ne8+ Nxe8 33. Rf7+ Kc8 34. Rf3 Kd8 35. Rxb3 a5 36. Nd3 Be7 37. Nxb4 Kd7 38. Rf3 b6 39. Rc3 Nf6 40. h3 g6 41. g4 Nd5 42. Rd3 g5 43. h4 b5 44. hxg5 1/2-1/2

[Event "Hillerod CC-ch D"]
[Site "Hillerod"]
[Date "2019.02.25"]
[Round "4"]
[White "Rabjerg, Tue"]
[Black "Feldung, Arne"]
[Result "0-1"]
[WhiteElo "1428"]
[BlackElo "1384"]
[PlyCount "105"]
[EventDate "2019.01.08"]
[EventType "swiss"]
[EventRounds "7"]
[EventCountry "DEN"]
[SourceTitle "EXT 2024"]
[Source "ChessBase"]
[SourceDate "2023.10.10"]
[SourceVersion "1"]
[SourceVersionDate "2023.10.10"]
[SourceQuality "1"]

1. c4 Nf6 2. g3 g6 3. Bg2 e5 4. Nc3 Bg7 5. Nf3 Nc6 6. 0-0 0-0 7. d3 d6 8. Bg5 h6 9. Be3 Ng4 10. Bd2 Be6 11. h3 Nf6 12. Qc1 Kh7 13. e4 Qd7 14. Kh2 Qc8 15. Ne2 b6 16. b4 a5 17. b5 Ne7 18. Qc2 Nd7 19. d4 exd4 20. Nexd4 Nc5 21. Nxe6 Qxe6 22. Rae1 Rad8 23. Nh4 Qe5 24. f4 Qb2 25. Qxb2 Bxb2 26. f5 Be5 27. fxg6+ Nxg6 28. Nf5 Bg7 29. Nxg7 Kxg7 30. Bc3+ Ne5 31. Rf4 f6 32. Rh4 Ng6 33. Rg4 h5 34. Rxg6+ Kxg6 35. h4 Rde8 36. Bf3 Nd7 37. Rg1 Ne5 38. Be2 Ng4+ 39. Kg2 Kg7 40. Bf3 Kg6 41. Bd4 a4 42. Kh3 f5 43. exf5+ Kxf5 44. Rf1 Kg6 45. Kg2 Kh6 46. a3 Ne3+ 47. Bxe3+ Rxe3 48. Rf2 Rxa3 49. Be2 Rxf2+ 50. Kxf2 Ra2 51. Ke1 a3 52. Kd1 Rxe2 53. Kxe2 0-1

[Event "Hillerod CC-ch D"]
[Site "Hillerod"]
[Date "2019.02.13"]
[Round "3"]
[White "Holm, Erik"]
[Black "Rabjerg, Tue"]
[Result "1-0"]
[WhiteElo "1363"]
[BlackElo "1428"]
[PlyCount "101"]
[EventDate "2019.01.08"]
[EventType "swiss"]
[EventRounds "7"]
[EventCountry "DEN"]
[SourceTitle "EXT 2024"]
[Source "ChessBase"]
[SourceDate "2023.10.10"]
[SourceVersion "1"]
[SourceVersionDate "2023.10.10"]
[SourceQuality "1"]

1. e4 c5 2. Nf3 g6 3. d4 cxd4 4. Nxd4 Bg7 5. Nc3 Nc6 6. Be3 Nf6 7. h3 d6 8. Be2 0-0 9. 0-0 Nxd4 10. Bxd4 e5 11. Be3 b6 12. Bg5 Bb7 13. f3 h6 14. Bh4 a6 15. a4 Qc8 16. Bf2 Qd8 17. Qd2 Nh5 18. g3 Qd7 19. Kg2 Bc8 20. Rh1 Bf6 21. Qxh6 Bg7 22. Qd2 Kh7 23. Nd5 Rb8 24. Nxb6 Qe7 25. Nxc8 Rfxc8 26. Bxa6 Rc6 27. Bb5 Rc7 28. c4 Bh6 29. Be3 Bg7 30. h4 Rh8 31. a5 Bf6 32. Bg5 Kg7 33. Bxf6+ Nxf6 34. b4 Rcc8 35. a6 Rh6 36. Rac1 Rch8 37. Rh3 Nh5 38. Rch1 f6 39. Ba4 Qe6 40. Qd5 Qe7 41. Qb7 Qxb7 42. axb7 Rb8 43. Bc6 Kf8 44. Ra1 Ke7 45. Ra8 Rhh8 46. Rh1 g5 47. hxg5 fxg5 48. Rxh5 Rhg8 49. Rxb8 Rxb8 50. Rh7+ Kf6 51. Rc7 1-0

[Event "Hillerod CC-ch D"]
[Site "Hillerod"]
[Date "2019.02.01"]
[Round "2"]
[White "Andersen, Lene"]
[Black "Rabjerg, Tue"]
[Result "0-1"]
[WhiteElo "1000"]
[BlackElo "1428"]
[PlyCount "66"]
[EventDate "2019.01.08"]
[EventType "swiss"]
[EventRounds "7"]
[EventCountry "DEN"]
[SourceTitle "EXT 2024"]
[Source "ChessBase"]
[SourceDate "2023.10.10"]
[SourceVersion "1"]
[SourceVersionDate "2023.10.10"]
[SourceQuality "1"]

1. e4 c5 2. Nf3 g6 3. b3 Bg7 4. Bd3 Bxa1 5. 0-0 Bg7 6. Nc3 Nc6 7. Ba3 d6 8. Bb5 Bd7 9. Re1 Nf6 10. d4 a6 11. Bd3 cxd4 12. Ne2 Bg4 13. h3 Bxf3 14. gxf3 Qc8 15. Nf4 0-0 16. Bc4 e5 17. Qd2 exf4 18. Qxf4 Nh5 19. Qxd6 Qxh3 20. e5 Bxe5 21. Qd7 Qxd7 22. Re4 b5 23. Bd3 Nf4 24. Bf1 Rfe8 25. c4 d3 26. Bc1 d2 27. Bxd2 Qxd2 28. cxb5 Nd4 29. b6 Qd1 30. b7 Rab8 31. Kh2 Qxf1 32. Kg3 Qg2+ 33. Kh4 Bf6# 0-1

[Event "Skjold Burne Hillerod op"]
[Site "Hillerod"]
[Date "2018.10.09"]
[Round "5"]
[White "Nygaard, Soren"]
[Black "Rabjerg, Tue"]
[Result "1-0"]
[WhiteElo "1713"]
[BlackElo "1454"]
[PlyCount "75"]
[EventDate "2018.09.25"]
[EventType "swiss"]
[EventRounds "7"]
[EventCountry "DEN"]
[SourceTitle "EXT 2020"]
[Source "ChessBase"]
[SourceDate "2019.10.17"]
[SourceVersion "1"]
[SourceVersionDate "2019.10.17"]
[SourceQuality "1"]

1. d4 Nf6 2. c4 c5 3. d5 e6 4. Nc3 g6 5. e4 Bg7 6. Bd3 0-0 7. Nf3 exd5 8. cxd5 d6 9. 0-0 Nbd7 10. Bf4 Nb6 11. h3 Nh5 12. Bh2 Re8 13. Qc2 c4 14. Be2 Bh6 15. Rad1 Nf4 16. Rfe1 Nd7 17. Bxc4 Nf6 18. e5 dxe5 19. Nxe5 Nd7 20. Ng4 Nxh3+ 21. gxh3 Bg7 22. Rxe8+ Qxe8 23. Nb5 Qd8 24. Nc7 Nf6 25. Nxf6+ Qxf6 26. Qe2 Bxh3 27. Nxa8 Qg5+ 28. Bg3 h5 29. Qe8+ Kh7 30. Kh2 Bf5 31. Qe3 Qg4 32. Be2 Qh3+ 33. Kg1 h4 34. Bf4 Qxe3 35. Bxe3 Bf6 36. d6 h3 37. Kh2 Be5+ 38. f4 1-0

[Event "Skjold Burne Hillerod op"]
[Site "Hillerod"]
[Date "2018.10.02"]
[Round "4"]
[White "Hviid, Hans Henrik"]
[Black "Rabjerg, Tue"]
[Result "0-1"]
[WhiteElo "1193"]
[BlackElo "1454"]
[PlyCount "78"]
[EventDate "2018.09.25"]
[EventType "swiss"]
[EventRounds "7"]
[EventCountry "DEN"]
[SourceTitle "EXT 2020"]
[Source "ChessBase"]
[SourceDate "2019.10.17"]
[SourceVersion "1"]
[SourceVersionDate "2019.10.17"]
[SourceQuality "1"]

1. e4 c5 2. c3 g6 3. d4 cxd4 4. Qxd4 Nf6 5. g4 Nc6 6. Qd2 Nxe4 7. Qf4 d5 8. Bg2 Nf6 9. c4 e6 10. Be3 Bd6 11. Qf3 Ne5 12. Qe2 dxc4 13. h3 Nd3+ 14. Kf1 Be5 15. Nc3 0-0 16. Nf3 Nf4 17. Bxf4 Bxf4 18. Qxc4 e5 19. Rd1 Qb6 20. Na4 Qa5 21. Nc5 b5 22. Qb3 Qb6 23. Nxe5 Bxe5 24. Bxa8 Qxc5 25. g5 Be6 26. Bd5 Nxd5 27. Re1 Nf4 28. Rh2 Bxb3 29. axb3 Nd3 30. Re3 Bxh2 31. Rxd3 Bc7 32. Rc3 Qb6 33. h4 Rd8 34. Re3 b4 35. Re4 Qb5+ 36. Kg2 Qc6 37. f3 Rd2+ 38. Kh3 Qd7+ 39. Rg4 Rh2# 0-1

[Event "Hillerod CC-chB"]
[Site "Hillerod"]
[Date "2018.03.13"]
[Round "6"]
[White "Rabjerg, Tue"]
[Black "Rabjerg, Hans Rasmus"]
[Result "0-1"]
[WhiteElo "1495"]
[BlackElo "1639"]
[PlyCount "92"]
[EventDate "2018.01.02"]
[EventType "tourn"]
[EventRounds "7"]
[EventCountry "DEN"]
[SourceTitle "EXT 2020"]
[Source "ChessBase"]
[SourceDate "2019.10.17"]
[SourceVersion "1"]
[SourceVersionDate "2019.10.17"]
[SourceQuality "1"]

1. c4 e5 2. Nc3 f5 3. g3 Nf6 4. Bg2 Bc5 5. e3 Bb6 6. Nf3 d6 7. Nd5 Nxd5 8. cxd5 0-0 9. 0-0 Nd7 10. b4 a5 11. Qa4 e4 12. Nd4 Bxd4 13. exd4 Nf6 14. bxa5 b6 15. Qb3 Rxa5 16. d3 Bb7 17. dxe4 fxe4 18. Bg5 Bxd5 19. Qc2 Qd7 20. Bxf6 Rxf6 21. Bxe4 Bxe4 22. Qxe4 Qh3 23. Rac1 Rh5 24. Qh1 c5 25. Rce1 Rf8 26. dxc5 bxc5 27. Rd1 Qe6 28. a4 d5 29. a5 d4 30. Rb1 Qa6 31. Qe4 Qxa5 32. Qe6+ Kh8 33. Ra1 Qd2 34. Ra2 Qh6 35. Qxh6 Rxh6 36. Rc2 Rc6 37. Rfc1 Rfc8 38. Rc4 Kg8 39. f4 Kf7 40. Kf2 Ke6 41. Ke2 Kd5 42. Kd3 Re8 43. Kd2 Re3 44. g4 Rh3 45. Ra4 Rxh2+ 46. Kd3 Re6 0-1

[Event "Hillerod-ch D"]
[Site "Hillerod"]
[Date "2017.05.30"]
[Round "5"]
[White "Eldor, Finn"]
[Black "Rabjerg, Tue"]
[Result "0-1"]
[WhiteElo "1356"]
[BlackElo "1433"]
[PlyCount "76"]
[EventDate "2017.05.02"]
[EventType "swiss"]
[EventRounds "7"]
[EventCountry "DEN"]
[SourceTitle "EXT 2023"]
[Source "ChessBase"]
[SourceDate "2022.10.05"]
[SourceVersion "1"]
[SourceVersionDate "2022.10.05"]
[SourceQuality "1"]

1. d4 d5 2. c4 e5 3. dxe5 d4 4. a3 Nc6 5. Nf3 Be6 6. Nbd2 f6 7. exf6 Nxf6 8. Nb3 Bxc4 9. Nbxd4 Bc5 10. Be3 Ng4 11. Qd2 0-0 12. h3 Nxe3 13. fxe3 Bd5 14. Qc3 Bxd4 15. exd4 Bxf3 16. gxf3 Qh4+ 17. Kd2 Rad8 18. Qc4+ Kh8 19. e3 Ne5 20. Qb4 Qf2+ 21. Kc3 Qxe3+ 22. Kc2 Nxf3 23. Rc1 Nxd4+ 24. Kb1 Qe4+ 25. Bd3 Qxd3+ 26. Ka1 Nc2+ 27. Rxc2 Qxc2 28. Rg1 Kg8 29. Qg4 Rf7 30. Qe6 Rd1+ 31. Rxd1 Qxd1+ 32. Ka2 Qd7 33. Qb3 c5 34. h4 b5 35. h5 h6 36. Qc2 Qd5+ 37. b3 Qxh5 38. Qg2 Qf5 0-1

[Event "Hillerod CC 1617 C"]
[Site "Hillerod"]
[Date "2017.04.04"]
[Round "8"]
[White "Hansen, Hardy"]
[Black "Rabjerg, Tue"]
[Result "0-1"]
[WhiteElo "1377"]
[BlackElo "1390"]
[PlyCount "55"]
[EventDate "2016.12.13"]
[EventType "tourn"]
[EventRounds "9"]
[EventCountry "DEN"]
[SourceTitle "EXT 2023"]
[Source "ChessBase"]
[SourceDate "2022.10.05"]
[SourceVersion "1"]
[SourceVersionDate "2022.10.05"]
[SourceQuality "1"]

1. d4 Nf6 2. h3 d5 3. Bf4 Bf5 4. Nf3 e6 5. e3 Nc6 6. a3 Bd6 7. Ne5 Bxe5 8. dxe5 Nd7 9. Bb5 f6 10. exf6 Qxf6 11. Nc3 Qg6 12. g4 Bxc2 13. Qe2 0-0 14. Qd2 Nc5 15. Bxc7 Nb3 16. Qe2 Nxa1 17. Bf4 e5 18. Bg3 d4 19. Nd5 d3 20. Bxd3 Bxd3 21. Qd2 Qe4 22. Rh2 Qxd5 23. Qd1 Nb3 24. f4 exf4 25. Bxf4 Rae8 26. Kf2 Ne5 27. Kg3 Nc5 28. h4 0-1

[Event "Hillerod CC 1617 C"]
[Site "Hillerod"]
[Date "2017.02.21"]
[Round "6"]
[White "Rabjerg, Tue"]
[Black "Wennerberg, Thien"]
[Result "1-0"]
[WhiteElo "1390"]
[BlackElo "1052"]
[PlyCount "33"]
[EventDate "2016.12.13"]
[EventType "tourn"]
[EventRounds "9"]
[EventCountry "DEN"]
[SourceTitle "EXT 2023"]
[Source "ChessBase"]
[SourceDate "2022.10.05"]
[SourceVersion "1"]
[SourceVersionDate "2022.10.05"]
[SourceQuality "1"]

1. e4 c5 2. Nc3 d6 3. f4 e6 4. Nf3 Nf6 5. Bc4 Nc6 6. 0-0 a6 7. f5 e5 8. Ng5 Nd5 9. Nxd5 f6 10. Qh5+ g6 11. fxg6 Kd7 12. Nf7 Qe8 13. Nxf6+ Ke7 14. Nxe8 Kxe8 15. Nxh8 Bg7 16. gxh7+ Kd8 17. Nf7+ 1-0

[Event "Hillerod CC 1617 C"]
[Site "Hillerod"]
[Date "2017.01.10"]
[Round "3"]
[White "Hviid, Hans Henrik"]
[Black "Rabjerg, Tue"]
[Result "0-1"]
[WhiteElo "1358"]
[BlackElo "1390"]
[PlyCount "66"]
[EventDate "2016.12.13"]
[EventType "tourn"]
[EventRounds "9"]
[EventCountry "DEN"]
[SourceTitle "EXT 2023"]
[Source "ChessBase"]
[SourceDate "2022.10.05"]
[SourceVersion "1"]
[SourceVersionDate "2022.10.05"]
[SourceQuality "1"]

1. e4 e6 2. Nf3 d5 3. exd5 exd5 4. d4 Bd6 5. Qe2+ Be6 6. Qb5+ Nc6 7. Qxb7 Na5 8. Qb5+ c6 9. Qe2 Nf6 10. Bg5 0-0 11. Qd2 Be7 12. b4 Nc4 13. Bxc4 dxc4 14. 0-0 Bd5 15. Qe3 Re8 16. Re1 Qc7 17. Bxf6 gxf6 18. Nh4 Bxb4 19. Qxe8+ Rxe8 20. Rxe8+ Kg7 21. c3 Qf4 22. Re3 Bd6 23. Rg3+ Kh8 24. Na3 Qxh4 25. Re1 Bxg3 26. hxg3 Qh6 27. Re8+ Kg7 28. Re7 Qc1+ 29. Kh2 Qxa3 30. Rc7 Qxa2 31. g4 Qxf2 32. Kh3 Qxg2+ 33. Kh4 Qh2# 0-1

[Event "Hillerod Byturnering E"]
[Site "Hillerod"]
[Date "2015.??.??"]
[Round "3"]
[White "Rand, Svend Aage"]
[Black "Rabjerg, Tue"]
[Result "1-0"]
[WhiteElo "1493"]
[BlackElo "1279"]
[PlyCount "99"]
[EventDate "2015.04.28"]
[EventType "swiss"]
[EventRounds "7"]
[EventCountry "DEN"]
[SourceTitle "EXT 2024"]
[Source "ChessBase"]
[SourceDate "2023.10.10"]
[SourceVersion "1"]
[SourceVersionDate "2023.10.10"]
[SourceQuality "1"]

1. c4 e5 2. g3 Nf6 3. Bg2 Nc6 4. e3 Bd6 5. Ne2 0-0 6. Nbc3 a6 7. d4 exd4 8. exd4 Re8 9. 0-0 b5 10. cxb5 axb5 11. Nxb5 Ba6 12. Nec3 Bb4 13. Re1 Bxb5 14. Rxe8+ Qxe8 15. Nxb5 Ba5 16. Bf4 d6 17. Bxc6 Qxc6 18. a4 Nd5 19. Rc1 Qd7 20. Qf3 Qf5 21. Nc3 Bxc3 22. bxc3 Rxa4 23. Qd1 Ra2 24. Qb3 Ra8 25. Qb7 Rc8 26. Be3 h6 27. c4 Nxe3 28. fxe3 Re8 29. Rf1 Qe6 30. Qxc7 Qxe3+ 31. Rf2 Re7 32. Qc8+ Kh7 33. Qf5+ g6 34. Qf4 Qxf4 35. Rxf4 g5 36. Rf6 Re6 37. Rxf7+ Kg6 38. Rf1 Re4 39. Rd1 Kf6 40. Kf2 g4 41. Rd3 h5 42. c5 dxc5 43. dxc5 Rc4 44. Rd5 Ke6 45. Rxh5 Kd7 46. Ke3 Kc6 47. Kd3 Rxc5 48. Rxc5+ Kxc5 49. Ke4 Kc4 50. Kf4 1-0

[Event "Hillerod op"]
[Site "Hillerod"]
[Date "2014.??.??"]
[Round "7"]
[White "Holm, Erik"]
[Black "Rabjerg, Tue"]
[Result "1-0"]
[WhiteElo "1416"]
[BlackElo "1268"]
[PlyCount "62"]
[EventDate "2014.08.26"]
[EventType "swiss"]
[EventRounds "7"]
[EventCountry "DEN"]
[SourceTitle "EXT 2024"]
[Source "ChessBase"]
[SourceDate "2023.10.10"]
[SourceVersion "1"]
[SourceVersionDate "2023.10.10"]
[SourceQuality "1"]

1. e4 e6 2. Nf3 d5 3. exd5 exd5 4. d4 Nf6 5. Bg5 Nbd7 6. Nc3 Bb4 7. Bd3 0-0 8. 0-0 Be7 9. Re1 Re8 10. Bf4 a6 11. a4 c5 12. dxc5 Bxc5 13. Bg5 Be7 14. Rb1 h6 15. Be3 Bb4 16. Nd4 Ne5 17. Bf5 Neg4 18. Bxg4 Nxg4 19. Qf3 Ne5 20. Qg3 Ng4 21. Bd2 Bd6 22. Rxe8+ Qxe8 23. Qxd6 Bd7 24. Re1 Qd8 25. Re7 Nf6 26. Nxd5 a5 27. Nxf6+ gxf6 28. Rxd7 Qe8 29. Bc3 Ra6 30. Rd8 Rxd6 31. Rxe8+ Kg7 1-0